NBA Hawks all time starting roster - Statistics

General Stats
  • This quiz has been taken 11 times
  • The average score is 7 of 13
Answer Stats
Hint Answer % Correct
SF Dominique Wilkins
91%
BN Joe Johnson
91%
BN Lenny Wilkens
91%
BN Al Horford
82%
PF Bob Pettit
82%
C Dikembe Mutombo
82%
PG Trae Young
82%
BN Pete Maravich
45%
SG Lou Hudson
36%
BN Cliff Hagan
27%
BN Dan Roundfield
18%
BN John Drew
9%
BN Mookie Blaylock
9%
No matching quizzes found
Score Distribution
Percent of People with Each Score
Percentile by Number Answered
Your Score History
You have not taken this quiz